Catálogo
 En Linea

Lo nuevo en astronomía / (Registro nro. 24751)

Detalles MARC
000 -CABECERA
campo de control de longitud fija 00920nam a2200241 u 4500
001 - NÚMERO DE CONTROL
campo de control 000025258
005 - FECHA Y HORA DE LA ÚLTIMA TRANSACCIÓN
campo de control 20200930023650.0
008 - DATOS DE LONGITUD FIJA--INFORMACIÓN GENERAL
campo de control de longitud fija 110211s1977 mx a r 001 0 spa d
040 ## - FUENTE DE LA CATALOGACIÓN
Centro catalogador/agencia de origen DO-SdBNP
Lengua de catalogación spa
Centro/agencia transcriptor BNPHU
041 17 - CÓDIGO DE LENGUA
Código de lengua del texto/banda sonora o título independiente spa
Código de lengua original eng
Fuente del código Código de idiomas MARC
082 ## - NÚMERO DE LA CLASIFICACIÓN DECIMAL DEWEY
Número de clasificación nn*
Número de documento/Ítem nn*
049 ## - FONDOS LOCALES (OCLC)
Fondos de biblioteca BNGR
100 1# - ENTRADA PRINCIPAL--NOMBRE DE PERSONA
Nombre de persona Brandt, John C.
9 (RLIN) 51758
240 14 - TÍTULO UNIFORME
Título uniforme The new astronomy and space science reader.
Lenguaje de la obra Español
245 10 - MENCIÓN DE TÍTULO
Título Lo nuevo en astronomía /
Mención de responsabilidad, etc. John C. Brandt y Stephen P. Maran ; traducción de Marco Antonio Valencia Arvizu.
260 ## - PUBLICACIÓN, DISTRIBUCIÓN, ETC.
Lugar de publicación, distribución, etc. México, D. F. :
Nombre del editor, distribuidor, etc. Compañía General de Ediciones,
Fecha de publicación, distribución, etc. 1977.
300 ## - DESCRIPCIÓN FÍSICA
Extensión 468 p. :
Otras características físicas il. ;
Dimensiones 27 cm.
534 ## - NOTA SOBRE LA VERSIÓN ORIGINAL
Encabezamiento principal del original Título de la obra original en inglés :
Mención de título del original The new astronomy and space science reader
500 ## - NOTA GENERAL
Nota general Incluye índice.
504 ## - NOTA DE BIBLIOGRAFÍA, ETC.
Nota de bibliografía, etc. Bibliografía : [463]-465 p.
700 1# - PUNTO DE ACCESO ADICIONAL--NOMBRE DE PERSONA
Nombre de persona valencia Arvizu, Marco Antonio,
Término indicativo de función/relación tr.
9 (RLIN) 51759
700 1# - PUNTO DE ACCESO ADICIONAL--NOMBRE DE PERSONA
Nombre de persona Maran, Stephen P.
9 (RLIN) 51760
Existencias
Estado de retiro Estado de pérdida Restricciones de uso No para préstamo Código de colección Localización permanente Ubicación/localización actual Ubicación en estantería Fecha de adquisición Número de inventario Total de préstamos Signatura topográfica completa Código de barras Fecha visto por última vez Precio válido a partir de Tipo de ítem Koha
        Monografías: Libros y Folletos General General En catalogación 11.02.2011 LF1   nn* nn* 25258-10 25.06.2020 25.06.2020 Préstamo en sala

Con tecnología Koha